Logaritmické a početní tabulky: technický výběr do kapsy - příručka pro praxi i pro odborné školy - Svazek 1 /

Salvato in:
Dettagli Bibliografici
Autore principale: Vacek, Adolf (Autore)
Natura: Libro
Lingua:ceco
Pubblicazione: Praha: Práce - nakladatelství ROH, 1962
Edizione:2. vyd.
Tags: Aggiungi Tag
Nessun Tag, puoi essere il primo ad aggiungerne!!

MARC

LEADER 00000nam a22000003a 4500
001 0024875
003 SK-STU
005 20170628140254.8
007 ta
008 170628s ----xo-----e------000-0-----d
040 |a STU  |b slo 
041 0 |a cze  |h cze 
044 |a xr 
100 1 |a Vacek, Adolf  |4 aut 
245 1 0 |a Logaritmické a početní tabulky:  |b technický výběr do kapsy - příručka pro praxi i pro odborné školy -  |n Svazek 1 /  |c aut. Adolf Vacek 
250 |a 2. vyd. 
260 |a Praha:  |b Práce - nakladatelství ROH,  |c 1962 
300 |a 130 s. 
996 |b 284V040695  |c V* 52666/O-23823  |d Svazek 1 /  |l VVT  |s A  |a 24  |w 0024875_0001